[Event "Santo Domingo Inmortales op"]
[Site "Santo Domingo"]
[Date "2016.11.19"]
[Round "3"]
[White "Arias Diaz, Ernesto Antonio"]
[Black "Coplin, Jose"]
[Result "1/2-1/2"]
[WhiteElo "1878"]
[BlackElo "2121"]
[PlyCount "89"]
[EventDate "2016.11.18"]
[EventType "swiss"]
[EventRounds "8"]
[EventCountry "DOM"]
[SourceTitle "EXT 2018"]
[Source "ChessBase"]
[SourceDate "2017.10.13"]
[SourceVersion "1"]
[SourceVersionDate "2017.10.13"]
[SourceQuality "1"]

1. e4 c5 2. d3 Nc6 3. Nc3 g6 4. g3 Bg7 5. Bg2 Rb8 6. Be3 d6 7. Nge2 Nf6 8. h3 b5 9. Qd2 Qa5 10. 0-0 0-0 11. Bh6 e5 12. Bxg7 Kxg7 13. f4 Nd4 14. fxe5 Nxe2+ 15. Qxe2 dxe5 16. Rf2 b4 17. Nd5 Nxd5 18. exd5 f6 19. Qd2 Bd7 20. c4 Qb6 21. b3 a5 22. Raf1 a4 23. Qe3 Qd6 24. g4 h6 25. Qg3 Ra8 26. h4 axb3 27. axb3 Ra3 28. g5 hxg5 29. hxg5 f5 30. d4 f4 31. Qh4 exd4 32. Rxf4 Rxf4 33. Rxf4 Ra1+ 34. Kh2 Bf5 35. Qg3 Qe7 36. Rf2 Qe1 37. Qc7+ Kg8 38. Qf4 Qe3 39. Qb8+ Kf7 40. Qc7+ Kg8 41. Qd8+ Kf7 42. Qf6+ Kg8 43. d6 Qxf2 44. Qd8+ Kf7 45. Qe7+ 1/2-1/2

[Event "Santo Domingo Inmortales op"]
[Site "Santo Domingo"]
[Date "2016.11.18"]
[Round "1"]
[White "Coplin, Jose"]
[Black "Jimenez Jimenez, Leandro"]
[Result "0-1"]
[WhiteElo "2121"]
[BlackElo "1890"]
[PlyCount "74"]
[EventDate "2016.11.18"]
[EventType "swiss"]
[EventRounds "8"]
[EventCountry "DOM"]
[SourceTitle "EXT 2018"]
[Source "ChessBase"]
[SourceDate "2017.10.13"]
[SourceVersion "1"]
[SourceVersionDate "2017.10.13"]
[SourceQuality "1"]

1. Nf3 Nf6 2. g3 e6 3. Bg2 c5 4. c4 Be7 5. 0-0 0-0 6. d4 Qb6 7. dxc5 Bxc5 8. Nc3 Qd8 9. a3 a5 10. Qa4 d5 11. cxd5 exd5 12. Bg5 h6 13. Bxf6 Qxf6 14. Rad1 Bd7 15. Qb3 Bc6 16. Nxd5 Qe6 17. Qc4 Nd7 18. e4 Rac8 19. Nd4 Bxd5 20. exd5 Qb6 21. Qa4 Qxb2 22. Nf5 Nb6 23. Qg4 Qf6 24. Rb1 g6 25. Ne3 Bxa3 26. Qe4 Bb4 27. Ng4 Qg7 28. Qe3 Nc4 29. Qd3 b5 30. Rfc1 h5 31. Ne3 Nd6 32. Rc6 Rcd8 33. Rxd6 Rxd6 34. Qxb5 Qc3 35. Nc4 Qd3 36. Ra1 Rdd8 37. Rc1 Rc8 0-1

[Event "Santo Domingo op"]
[Site "Santo Domingo"]
[Date "2006.11.05"]
[Round "8"]
[White "Munoz Santana, Jose Lisandro"]
[Black "Coplin, Jose"]
[Result "1-0"]
[WhiteElo "2396"]
[BlackElo "2117"]
[PlyCount "71"]
[EventDate "2006.10.31"]
[EventType "swiss"]
[EventRounds "9"]
[EventCountry "DOM"]
[SourceTitle "EXT 2007"]
[Source "ChessBase"]
[SourceDate "2006.11.23"]
[SourceVersion "1"]
[SourceVersionDate "2006.11.23"]
[SourceQuality "1"]

1. e4 c5 2. Nf3 d6 3. d4 cxd4 4. Nxd4 Nf6 5. Nc3 Nc6 6. Bg5 e6 7. Qd2 Be7 8. f3 a6 9. 0-0-0 0-0 10. h4 Nxd4 11. Qxd4 e5 12. Qd2 Be6 13. Kb1 b5 14. g4 Rc8 15. Be3 Nd7 16. Nd5 Bxd5 17. exd5 Nb6 18. Bxb6 Qxb6 19. Bd3 a5 20. Qe2 b4 21. h5 a4 22. Qe4 f5 23. gxf5 Rf6 24. h6 Bf8 25. hxg7 Bxg7 26. Qh4 h6 27. Rhg1 Rcf8 28. Rg4 b3 29. Rdg1 R8f7 30. cxb3 axb3 31. a4 Qe3 32. Be4 Qd4 33. Qg3 Qxa4 34. Rxg7+ Kf8 35. Rxf7+ Rxf7 36. Qg8+ 1-0

[Event "Santo Domingo op"]
[Site "Santo Domingo"]
[Date "2006.11.02"]
[Round "5"]
[White "Steel Stephen, Daniel Alberto"]
[Black "Coplin, Jose"]
[Result "1-0"]
[WhiteElo "2055"]
[BlackElo "2117"]
[PlyCount "75"]
[EventDate "2006.10.31"]
[EventType "swiss"]
[EventRounds "9"]
[EventCountry "DOM"]
[SourceTitle "EXT 2007"]
[Source "ChessBase"]
[SourceDate "2006.11.23"]
[SourceVersion "1"]
[SourceVersionDate "2006.11.23"]
[SourceQuality "1"]

1. d4 Nf6 2. c4 g6 3. Nc3 d5 4. cxd5 Nxd5 5. e4 Nxc3 6. bxc3 c5 7. Be3 Bg7 8. Nf3 0-0 9. h3 Nc6 10. Bc4 cxd4 11. cxd4 Qa5+ 12. Bd2 Qa3 13. d5 Na5 14. Rc1 Nxc4 15. Rxc4 Qxa2 16. Ra4 Qb2 17. 0-0 Qb5 18. Bg5 Bd7 19. Ra3 Rfe8 20. Re1 a5 21. Nd4 Qb2 22. Rd3 a4 23. Re2 Qb6 24. Bc1 Qa6 25. e5 Rac8 26. Ba3 Rc4 27. e6 fxe6 28. dxe6 Bb5 29. Nxb5 Qxb5 30. Rd8 Bf6 31. Red2 Rc8 32. Rxc8 Rxc8 33. Rd8+ Rxd8 34. Qxd8+ Kg7 35. Bxe7 Bxe7 36. Qxe7+ Kh6 37. Qf8+ Kh5 38. e7 1-0

[Event "Santo Domingo op"]
[Site "Santo Domingo"]
[Date "2006.11.01"]
[Round "3"]
[White "Mateo, Ramon"]
[Black "Coplin, Jose"]
[Result "1-0"]
[WhiteElo "2415"]
[BlackElo "2117"]
[PlyCount "43"]
[EventDate "2006.10.31"]
[EventType "swiss"]
[EventRounds "9"]
[EventCountry "DOM"]
[SourceTitle "EXT 2007"]
[Source "ChessBase"]
[SourceDate "2006.11.23"]
[SourceVersion "1"]
[SourceVersionDate "2006.11.23"]
[SourceQuality "1"]

1. d4 Nf6 2. Bg5 Ne4 3. Bf4 g5 4. Bc1 h6 5. f3 Nd6 6. e4 c5 7. Nc3 cxd4 8. Qxd4 Rg8 9. Bd3 Bg7 10. Qf2 Nc6 11. Nge2 Ne5 12. 0-0 Nxd3 13. cxd3 Qa5 14. Be3 Nb5 15. d4 Nxc3 16. Nxc3 d6 17. f4 gxf4 18. Qxf4 Qh5 19. Nd5 Bh3 20. Qg3 Rc8 21. Nf4 Qg4 22. gxh3 1-0